Кн. 3; Т. 7-9; История государства Российского

Bibliographic Details
Parent link:История государства Российского: в 4 кн./ Н. М. Карамзин. Кн. 3; Т. 7-9.— , 1989-
Language:Russian
Published: 1990
Subjects:
Format: Book
KOHA link:https://koha.lib.tpu.ru/cgi-bin/koha/opac-detail.pl?biblionumber=15901

MARC

LEADER 00000nam2a2200000 4500
001 15901
005 20241126063146.0
010 |a 5750912892 
035 |a (RuTPU)RU\TPU\book\16018 
035 |a BOOK00016087 
090 |a 15901 
100 |a 20011209d1990 km y0rusy50 ca 
101 0 |a rus 
102 |a RU 
105 |a a z 000zd 
200 0 |a Кн. 3; Т. 7-9 
210 |d 1990 
215 |a 528 с.  |c ил. 
461 1 |0 (RuTPU)RU\TPU\book\84537  |t История государства Российского  |o в 4 кн.  |f Н. М. Карамзин  |v Кн. 3; Т. 7-9  |d 1989- 
600 0 |a Василий  |d III  |c великий князь московский  |f 1479 - 1533  |c государь всея Руси  |2 stltpui  |3 (RuTPU)RU\TPU\pers\680 
600 0 |a Иван Грозный  |d IV  |c великий князь московский, первый русский царь  |f 1530 - 1584  |c из династии Рюриковичей  |2 stltpui  |3 (RuTPU)RU\TPU\pers\1414 
606 |a Россия  |x История  |7 ca  |8 rus  |9 81526 
610 1 |a славяне 
610 1 |a древние славяне 
610 1 |a 16 век 
686 |a Т3(2)  |2 rubbk 
801 0 |a RU  |b 63413507  |c 20011209  |g PSBO 
801 2 |a RU  |b 63413507  |c 20161111  |g PSBO 
942 |c BK